|
|
|
|
| LEADER |
00000nas a2200000 a 4500 |
| 001 |
ssj0000397783 |
| 003 |
WaSeSS |
| 005 |
20200512172242.0 |
| 006 |
m d |
| 007 |
cr n |
| 008 |
090929c20099999nz uu p s 0 0eng c |
| 010 |
|
|
|a 2010256096
|
| 016 |
7 |
|
|a 995729549
|2 DE-101
|
| 016 |
7 |
|
|a 2508169-X
|2 DE-600
|
| 016 |
7 |
|
|a 101688698
|2 DNLM
|
| 022 |
|
|
|a 1179-156X
|l 1179-156X
|
| 035 |
|
|
|a (WaSeSS)ssj0000397783
|
| 040 |
|
|
|a FQM
|b eng
|c FQM
|d OCLCQ
|d RBN
|d DEBBG
|d GWDNB
|d CUS
|d OCLCQ
|d CUS
|d OCLCQ
|d OCLCF
|d EUW
|d OCLCQ
|d NLM
|d WT2
|d OCLCO
|d OCLCQ
|d OCLCA
|d OCLCQ
|d AU@
|d OCLCA
|d OCLCQ
|d WaSeSS
|
| 042 |
|
|
|a pcc
|
| 050 |
1 |
4 |
|a RC927
|
| 060 |
0 |
0 |
|a W1
|
| 060 |
|
4 |
|a INTERNET
|
| 210 |
1 |
0 |
|a Open Access Rheumatol
|2 dnlm
|
| 210 |
1 |
|
|a Open access rheumatol res rev
|b (Online)
|
| 222 |
|
0 |
|a Open access rheumatology: research and reviews
|b (Online)
|
| 245 |
0 |
0 |
|a Open access rheumatology
|h [electronic resource] :
|b research and reviews.
|
| 246 |
1 |
|
|i Title in HTML header:
|a Journal of open access rheumatology: research and reviews
|
| 260 |
|
|
|a [Auckland, NZ] :
|b Dove Medical Press,
|c [2009]-
|
| 362 |
1 |
|
|a Began with vol. 1 (2009).
|
| 506 |
|
|
|a License restrictions may limit access.
|
| 515 |
|
|
|a Articles added as received to volume in progress.
|
| 588 |
0 |
|
|a Vol. 1 (2009); title from journal home page (Publisher's Web site, viewed Sept. 25, 2009).
|
| 588 |
1 |
|
|a 2016:8, (viewed Aug. 24, 2016).
|
| 650 |
|
0 |
|a Rheumatology
|v Periodicals.
|
| 650 |
1 |
2 |
|a Arthritis.
|
| 650 |
1 |
2 |
|a Rheumatic Diseases.
|
| 650 |
2 |
2 |
|a Rheumatology.
|
| 650 |
|
7 |
|a Rheumatology.
|2 fast
|0 (OCoLC)fst01097048
|
| 655 |
|
0 |
|a Electronic journals.
|
| 856 |
4 |
0 |
|z Full text available from Research Library: 01/01/2009 to present
|u https://search.proquest.com/publication/3933316
|